ঢ়
ক্ষ
ড়
ঢ়
য়
র-ফলা‌‌‌
 
 
য-ফলা
ি
 
 
রেফ
 
 
 
যুক্ত করুন/হসন্ত
Space
Enter

Principles of public international law / (Record no. 7674)

000 -LEADER
fixed length control field 00638nam a22002177a 4500
001 - CONTROL NUMBER
control field 14527
003 - CONTROL NUMBER IDENTIFIER
control field BD-DhUAP
005 - DATE AND TIME OF LATEST TRANSACTION
control field 20210128105907.0
008 - FIXED-LENGTH DATA ELEMENTS--GENERAL INFORMATION
fixed length control field 210128r20032004enk b 001 0 eng
020 ## - INTERNATIONAL STANDARD BOOK NUMBER
International Standard Book Number 0195669223
040 ## - CATALOGING SOURCE
Original cataloging agency BD-DhUAP
Transcribing agency BD-DhUAP
Modifying agency BD-DhUAP
Language of cataloging Eng
082 00 - DEWEY DECIMAL CLASSIFICATION NUMBER
Classification number 341 BRO
Edition number 23
100 1# - MAIN ENTRY--PERSONAL NAME
Personal name Brownlie, Ian.
245 10 - TITLE STATEMENT
Title Principles of public international law /
Statement of responsibility, etc. Ian Brownlie.
250 ## - EDITION STATEMENT
Edition statement 6th ed.
260 ## - PUBLICATION, DISTRIBUTION, ETC.
Place of publication, distribution, etc. New York :
Name of publisher, distributor, etc. Oxford University Press,
Date of publication, distribution, etc. c2003 [2004].
300 ## - PHYSICAL DESCRIPTION
Extent xlii, 742 pages ;
Dimensions 24 cm.
504 ## - BIBLIOGRAPHY, ETC. NOTE
Bibliography, etc. note Includes bibliographical references and index.
650 #0 - SUBJECT ADDED ENTRY--TOPICAL TERM
Topical term or geographic name entry element International law.
942 ## - ADDED ENTRY ELEMENTS (KOHA)
Source of classification or shelving scheme
Koha item type Book
Holdings
Withdrawn status Lost status Source of classification or shelving scheme Damaged status Not for loan Permanent Location Current Location Shelving location Date acquired Full call number Barcode Date last seen Copy number Price effective from Koha item type
          UAP Central Library UAP Central Library Reserve Stacks 2021-01-28 341 BRO 3010014527 2021-01-28 1 2021-01-28 Book
          UAP Central Library UAP Central Library Reserve Stacks 2021-01-28 341 BRO 3010014528 2021-01-28 2 2021-01-28 Book

All rights reserved © UAP Central Library,
University of Asia Pacific.